Kpop idol d'origine thaïlandaise - Statistiques

Statistiques générales
  • Ce quiz a été pris 479 fois
    397 depuis la dernière actualisation
  • Le résultat moyen est 7 sur 25
Statistiques - réponses
Groupe Idol % Correct
Blackpink Lisa
100%
Boys Planet Min
84%
(G)I-DLE Minnie
83%
Got7 Bambam
73%
BabyMonster Chiquita
69%
BabyMonster Pharita
62%
Kiss Of Life Natty
60%
NCT Ten
41%
CLC Sorn
30%
Xikers Hunter
21%
2pm Nichkhun
9%
Trainee A James
7%
Ghost9 Prince
7%
NINE.i Winnie
4%
Soloist Yorch
4%
Tiny-G Mint
3%
The Wind Thanatorn
3%
Beauty Box Jerin
2%
April Kiss Sara
2%
H1-KEY Sitala
2%
Soloist Alice
1%
RaNia Namfon
1%
Boys Planet Nice
1%
Ciipher TAG
1%
Real Girls Project Mintty
0%
Aucun quiz correspondant
Distribution des résultats
% des personnes avec chaque résultat
Percentile par nombre de réponses
Votre historique - résultats
Vous n’avez pas pris ce quiz depuis la dernière actualisation